| 000 | 00642nam a2200181 a 4500 | ||
|---|---|---|---|
| 008 | 130426s2011 ||||||||||||||||| || u | ||
| 020 | _a9781412946957 | ||
| 050 | _aHV 6626.5 Mun | ||
| 100 | _aMunro, Eileen | ||
| 245 | 1 | 0 |
_aEffective Child Protection. (2 nd ed.) _cby Eileen Munro |
| 250 | _a2nd ed. | ||
| 260 |
_aLondon: _bSAGE Publications _c2011 |
||
| 300 | _ax, 176p.: ill. | ||
| 500 | _aIncludes references | ||
| 650 | 0 | _aCHILD WELFARE | |
| 650 | _aCHILD ABUSE--PREVENTION | ||
| 995 |
_FCBU-MAIN LIBRARY (Kitwe) _M1 _UAVAILABLE _WJun 6, 2013 _ZMain Library Open Access Collection |
||
| 999 |
_c41258 _d41258 |
||